000 00600nam a22001817a 4500
005 20240201125940.0
008 240201b |||||||| |||| 00| 0 eng d
020 _a9780409063837 ; 9780409063844
041 _aEnglish
082 _a346.5 WIE
100 _aWiechers, NJ ; Vorster, I and Blignaut, EE
_lEnglish
245 _aAdministration of Estates /
_cNJ Wiechers, I Vorster and EE Blignaut
250 _aEnglish Edition
260 _aDurban :
_bLexisNexis (Pty) Ltd,
_c1996
300 _bxi,
_c26 cm.
650 _aLegal practice
_bLaw
942 _cBK
_6ALISON_BN_VRIES
999 _c1321
_d1321